<?xml version="1.0" encoding="UTF-8"?>
<record
    xmlns:xsi="http://www.w3.org/2001/XMLSchema-instance"
    xsi:schemaLocation="http://www.loc.gov/MARC21/slim http://www.loc.gov/standards/marcxml/schema/MARC21slim.xsd"
    xmlns="http://www.loc.gov/MARC21/slim">

  <leader>00794nam a2200241Ia 4500</leader>
  <controlfield tag="005">20220309155553.0</controlfield>
  <controlfield tag="008">210716s2017    xx            000 0 und d</controlfield>
  <datafield tag="020" ind1=" " ind2=" ">
    <subfield code="a">9789352734672</subfield>
  </datafield>
  <datafield tag="040" ind1=" " ind2=" ">
    <subfield code="c">AIMIT LIBRARY</subfield>
  </datafield>
  <datafield tag="041" ind1=" " ind2=" ">
    <subfield code="a">eng</subfield>
  </datafield>
  <datafield tag="082" ind1=" " ind2=" ">
    <subfield code="a">336.242 </subfield>
    <subfield code="2">1</subfield>
    <subfield code="b">THOT</subfield>
  </datafield>
  <datafield tag="100" ind1=" " ind2=" ">
    <subfield code="a">Thoomkuzhy, Thomas Joseph.</subfield>
    <subfield code="9">23077</subfield>
  </datafield>
  <datafield tag="245" ind1=" " ind2=" ">
    <subfield code="a">GST: </subfield>
    <subfield code="b">essentials of goods and services tax /</subfield>
    <subfield code="c">By Dr Thomas Joseph Thoomkuzhy ,Dr. Jaya Jacob M and Chinnu Mariam Chacko.</subfield>
  </datafield>
  <datafield tag="250" ind1=" " ind2=" ">
    <subfield code="a">1st ed.</subfield>
  </datafield>
  <datafield tag="260" ind1=" " ind2=" ">
    <subfield code="a">New Delhi :</subfield>
    <subfield code="b">Himalaya Publishing House ,</subfield>
    <subfield code="c">2017.</subfield>
  </datafield>
  <datafield tag="300" ind1=" " ind2=" ">
    <subfield code="a">vi,212p. ;</subfield>
    <subfield code="c">24 cm.</subfield>
  </datafield>
  <datafield tag="650" ind1=" " ind2=" ">
    <subfield code="a">GST</subfield>
    <subfield code="9">23078</subfield>
  </datafield>
  <datafield tag="650" ind1=" " ind2=" ">
    <subfield code="a">Payment of Tax.</subfield>
    <subfield code="9">23091</subfield>
  </datafield>
  <datafield tag="650" ind1=" " ind2=" ">
    <subfield code="a">Audit.</subfield>
    <subfield code="9">23092</subfield>
  </datafield>
  <datafield tag="650" ind1=" " ind2=" ">
    <subfield code="a">Transfer of Input tax credit.</subfield>
    <subfield code="9">23093</subfield>
  </datafield>
  <datafield tag="700" ind1=" " ind2=" ">
    <subfield code="a">Jacob M, Jaya.</subfield>
    <subfield code="9">23094</subfield>
  </datafield>
  <datafield tag="942" ind1=" " ind2=" ">
    <subfield code="2">ddc</subfield>
    <subfield code="c">BK</subfield>
    <subfield code="e">1st</subfield>
    <subfield code="k">336.242 THOT</subfield>
  </datafield>
  <datafield tag="999" ind1=" " ind2=" ">
    <subfield code="c">210405</subfield>
    <subfield code="d">210405</subfield>
  </datafield>
  <datafield tag="952" ind1=" " ind2=" ">
    <subfield code="0">0</subfield>
    <subfield code="1">0</subfield>
    <subfield code="2">ddc</subfield>
    <subfield code="4">0</subfield>
    <subfield code="7">0</subfield>
    <subfield code="8">MBA</subfield>
    <subfield code="a">AIMIT</subfield>
    <subfield code="b">AIMIT</subfield>
    <subfield code="d">2018-02-16</subfield>
    <subfield code="g">250.00</subfield>
    <subfield code="i">Bill no:CR38462; Bill dt:2018-02</subfield>
    <subfield code="l">0</subfield>
    <subfield code="o">336.242 THOT</subfield>
    <subfield code="p">MBA12973</subfield>
    <subfield code="r">2026-05-23 00:00:00</subfield>
    <subfield code="v">212.50</subfield>
    <subfield code="w">2021-07-16</subfield>
    <subfield code="y">BK</subfield>
  </datafield>
  <datafield tag="952" ind1=" " ind2=" ">
    <subfield code="0">0</subfield>
    <subfield code="1">0</subfield>
    <subfield code="2">ddc</subfield>
    <subfield code="4">0</subfield>
    <subfield code="7">0</subfield>
    <subfield code="8">MBA</subfield>
    <subfield code="a">AIMIT</subfield>
    <subfield code="b">AIMIT</subfield>
    <subfield code="d">2018-02-16</subfield>
    <subfield code="g">250.00</subfield>
    <subfield code="i">Bill no:CR38462; Bill dt:2018-02</subfield>
    <subfield code="l">2</subfield>
    <subfield code="o">336.242 THOT</subfield>
    <subfield code="p">MBA12974</subfield>
    <subfield code="r">2026-05-23 00:00:00</subfield>
    <subfield code="s">2022-03-30</subfield>
    <subfield code="v">212.50</subfield>
    <subfield code="w">2021-07-16</subfield>
    <subfield code="y">BK</subfield>
  </datafield>
  <datafield tag="952" ind1=" " ind2=" ">
    <subfield code="0">0</subfield>
    <subfield code="1">0</subfield>
    <subfield code="2">ddc</subfield>
    <subfield code="4">0</subfield>
    <subfield code="7">0</subfield>
    <subfield code="8">MBA</subfield>
    <subfield code="a">AIMIT</subfield>
    <subfield code="b">AIMIT</subfield>
    <subfield code="d">2018-02-16</subfield>
    <subfield code="g">250.00</subfield>
    <subfield code="i">Bill no:CR38462; Bill dt:2018-02</subfield>
    <subfield code="l">0</subfield>
    <subfield code="o">336.242 THOT</subfield>
    <subfield code="p">MBA12975</subfield>
    <subfield code="r">2026-05-23 00:00:00</subfield>
    <subfield code="v">212.50</subfield>
    <subfield code="w">2021-07-16</subfield>
    <subfield code="y">BK</subfield>
  </datafield>
  <datafield tag="952" ind1=" " ind2=" ">
    <subfield code="0">0</subfield>
    <subfield code="1">0</subfield>
    <subfield code="2">ddc</subfield>
    <subfield code="4">0</subfield>
    <subfield code="7">3</subfield>
    <subfield code="8">MBA</subfield>
    <subfield code="a">AIMIT</subfield>
    <subfield code="b">AIMIT</subfield>
    <subfield code="d">2018-02-16</subfield>
    <subfield code="g">250.00</subfield>
    <subfield code="i">Bill no:CR38462; Bill dt:2018-02</subfield>
    <subfield code="l">0</subfield>
    <subfield code="o">336.242 THOT</subfield>
    <subfield code="p">MBA12976</subfield>
    <subfield code="r">2025-07-21 00:00:00</subfield>
    <subfield code="v">212.50</subfield>
    <subfield code="w">2021-07-16</subfield>
    <subfield code="y">BK</subfield>
  </datafield>
  <datafield tag="952" ind1=" " ind2=" ">
    <subfield code="0">0</subfield>
    <subfield code="1">0</subfield>
    <subfield code="2">ddc</subfield>
    <subfield code="4">0</subfield>
    <subfield code="7">0</subfield>
    <subfield code="8">MBA</subfield>
    <subfield code="a">AIMIT</subfield>
    <subfield code="b">AIMIT</subfield>
    <subfield code="d">2018-02-16</subfield>
    <subfield code="g">250.00</subfield>
    <subfield code="i">Bill no:CR38462; Bill dt:2018-02</subfield>
    <subfield code="l">0</subfield>
    <subfield code="o">336.242 THOT</subfield>
    <subfield code="p">MBA12977</subfield>
    <subfield code="r">2026-05-23 00:00:00</subfield>
    <subfield code="v">212.50</subfield>
    <subfield code="w">2021-07-16</subfield>
    <subfield code="y">BK</subfield>
  </datafield>
</record>
